Business law for Management (Record no. 4067)

MARC details
000 -LEADER
fixed length control field 00412nam a22001697a 4500
005 - DATE AND TIME OF LATEST TRANSACTION
control field 20180412112301.0
008 - FIXED-LENGTH DATA ELEMENTS--GENERAL INFORMATION
fixed length control field 160625b xxu||||| |||| 00| 0 eng d
020 ## - INTERNATIONAL STANDARD BOOK NUMBER
ISBN 81-7866-909-9
041 ## - LANGUAGE CODE
Language code of text/sound track or separate title eng
082 ## - DEWEY DECIMAL CLASSIFICATION NUMBER
Item number 10303
Classification number 346.0437
100 ## - MAIN ENTRY--AUTHOR NAME
Personal name Sarava naval, P and Sumathi S
245 ## - TITLE STATEMENT
Title Business law for Management
260 ## - PUBLICATION, DISTRIBUTION, ETC. (IMPRINT)
Name of publisher HPH
Year of publication 2004
300 ## - PHYSICAL DESCRIPTION
Number of Pages 48.11
650 ## - SUBJECT ADDED ENTRY--TOPICAL TERM
Topical Term Management
942 ## - ADDED ENTRY ELEMENTS (KOHA)
Koha item type Books
Holdings
Lost status Damaged status Collection code Home library Current library Shelving location Date acquired Cost, normal purchase price Full call number Accession Number Koha item type
    Reference JRU Library   SHELF-30-C 25/06/2016 275.00 346.0437 10303 Books